Metal Album Cover Quiz - Statistics

General Stats
  • This quiz has been taken 82 times
  • The average score is 26 of 66
Answer Stats
Picture Answer % Correct
Black Sabbath
97%
Paranoid
91%
Master of Puppets
84%
Ride the Lightning
82%
...And Justice for All
80%
The Number of the Beast
78%
Fear of the Dark
76%
Kill 'Em All
76%
Load
73%
Reload
70%
St. Anger
70%
Metallica
68%
Heaven and Hell
65%
Powerslave
65%
Painkiller
61%
72 Seasons
59%
Iron Maiden
59%
Killers
58%
Master of Reality
57%
Sabbath Bloody Sabbath
55%
British Steel
54%
Death Magnetic
54%
Vol 4
53%
Piece of Mind
49%
Seventh Son of a Seventh Son
47%
Somewhere in Time
43%
Hardwired... to Self-Destruct
41%
Brave New World
39%
13
36%
Book of Souls
32%
Dance of Death
32%
Sabotage
32%
Screaming for Vengeance
32%
Senjutsu
31%
Turbo
31%
Mob Rules
30%
The X Factor
30%
Born Again
28%
Firepower
26%
No Prayer for the Dying
26%
The Final Frontier
26%
Virtual XI
26%
Defenders of the Faith
23%
Killing Machine
23%
Sad Wings of Destiny
22%
Stained Class
22%
Technical Ecstasy
22%
Headless Cross
20%
Invincible Shield
20%
Never Say Die!
20%
Ram It Down
20%
Sin After Sin
20%
A Matter of Life and Death
19%
Point of Entry
19%
Seventh Star
18%
Dehumanizer
16%
Rocka Rolla
16%
Angel of Retribution
15%
Demolition
15%
Forbidden
15%
The Eternal Idol
15%
Tyr
15%
Jugulator
14%
Nostradamus
14%
Cross Purposes
11%
Redeemer of Souls
11%
No matching quizzes found
Score Distribution
Percent of People with Each Score
Percentile by Number Answered
Your Score History
You have not taken this quiz